Review of the U.S. Army Corps of Engineers Restructured Upper Mississippi-Illinois River Waterway feasibility study second report /

Bibliographic Details
Corporate Authors: National Research Council (U.S.). Committee to Review the Corps of Engineers Restructured Upper Mississippi River-Illinois Waterway Draft Feasibility Study., ProQuest (Firm)
Format: Electronic eBook
Language:English
Published: Washington, D.C. : National Academies Press, c2004.
Subjects:
Online Access:Click to View
LEADER 01554nam a2200337Ia 4500
001 EBC3564070
003 MiAaPQ
005 20200520144314.0
006 m o d |
007 cr cn|||||||||
008 040820s2004 dcu sb 000 0 eng d
020 |z 0309094364 
035 |a (MiAaPQ)EBC3564070 
035 |a (Au-PeEL)EBL3564070 
035 |a (CaPaEBR)ebr10075675 
035 |a (CaONFJC)MIL17581 
035 |a (OCoLC)74907962 
040 |a MiAaPQ  |c MiAaPQ  |d MiAaPQ 
050 4 |a HE630.M6  |b N38 2004 
082 0 4 |a 386/.32/09773  |2 22 
110 2 |a National Research Council (U.S.).  |b Committee to Review the Corps of Engineers Restructured Upper Mississippi River-Illinois Waterway Draft Feasibility Study. 
245 1 0 |a Review of the U.S. Army Corps of Engineers Restructured Upper Mississippi-Illinois River Waterway feasibility study  |h [electronic resource] :  |b second report /  |c Committee to Review the Corps of Engineers Restructured Upper Mississippi-Illinois River Waterway feasibility study. 
260 |a Washington, D.C. :  |b National Academies Press,  |c c2004. 
300 |a x, 88 p. 
504 |a Includes bibliographical references. 
533 |a Electronic reproduction. Ann Arbor, MI : ProQuest, 2016. Available via World Wide Web. Access may be limited to ProQuest affiliated libraries. 
650 0 |a Inland water transportation  |z Mississippi River. 
650 0 |a Hydrology. 
655 4 |a Electronic books. 
710 2 |a ProQuest (Firm) 
856 4 0 |u https://ebookcentral.proquest.com/lib/matrademy/detail.action?docID=3564070  |z Click to View